Click the Elvis Presley Song Title Ending - Statistics

General Stats
  • This quiz has been taken 3,315 times
  • The average score is 18 of 22
Answer Stats
Hint Answer % Correct
Hound Dog
97%
Tutti Frutti
96%
It's Now or Never
96%
Jailhouse Rock
96%
Don’t Be Cruel
94%
Viva Las Vegas
94%
Blue Suede Shoes
93%
You're the Devil in Disguise
92%
In the Ghetto
90%
Heartbreak Hotel
90%
If I Can Dream
89%
Burning Love
89%
Love Me Tender
88%
Suspicious Minds
86%
A Litte Less Conversation
85%
Unchained Melody
83%
Poor Boy
79%
King Creole
78%
Return to Sender
74%
Blue Hawaii
71%
Polk Salad Annie
44%
An American Trilogy
40%
No matching quizzes found
Score Distribution
Percent of People with Each Score
Percentile by Number Answered
Your Score History
You have not taken this quiz